Sportifs français par image : H, I, J et K - Statistiques

Statistiques générales
  • Ce quiz a été pris 219 fois
  • Le résultat moyen est 7 sur 16
Statistiques - réponses
Par images Hint Réponse % Correct
K Nikola Karabatic
95%
K N'Golo Kanté
93%
H Amandine Henry
77%
K Randal Kolo Muani
77%
H Fauve Hautot
64%
I Jonathan Ikoné
59%
H Ugo Humbert
59%
J Matthieu Jalibert
57%
J Marine Johannès
43%
J Émilien Jacquelin
34%
H Alexis Hanquinquant
27%
K {Olivier} de {Kersauson}
19%
J Léolia Jeanjean
14%
K Anastasiia Kirpichnikova
11%
H Mélanie Henique
11%
K Victor Koretzky
6%
Aucun quiz correspondant
Distribution des résultats
% des personnes avec chaque résultat
Percentile par nombre de réponses
Votre historique - résultats
Vous n’avez pas pris ce quiz